000 00530nam a2200181Ia 4500
008 100920s9999 xx 000 0 und d
082 _b56668
_a24 थ 90
100 _aवैदय सुरेश.
245 _aकठपुतळी.
260 _bशब्दसन्मान प्रकाशन, पुणे.
_c1990
300 _a229
_bसाधी
365 _b80
520 _aसायो.
630 _aकठपुतळी.
650 _aसायो.
730 _aकठपुतळी.
942 _cBOOK
999 _c700713
_d700710